| 000 | 008180000a22001690004500 | ||
|---|---|---|---|
| 082 | 0 | 4 | _aG 933 P22i |
| 100 | 1 | _aPedersen, Johs. | |
| 245 | 1 | 0 | _aIsrael : Its life and culture / Johs. Pederson |
| 260 | _aLondon : Oxford University Press | ||
| 300 | _a2 volúmenes | ||
| 500 | _aIncluye índices | ||
| 501 | _aPasta dura | ||
| 505 | 0 | 0 | _aVolumen 1: Canaán, delante de la inmigración de los israelitas - La realización de Israel - Tribu y ciudad - La familia, la casa del padre y la gente - La formación de la familia - La propiedad de la familia - El alma, sus facultades y capacidad - Convivencia y sus leyes \ Volumen 2: Santidad y su partidarios - La renovación y la fuente de la santidad |
| 650 | 1 | 4 | _aBiblia A.T. - Historia \ Israel - Contexto Cultural \ Judaísmo - Historia |
| 001 | 19582 | ||
| 942 | _cBK | ||
| 999 |
_c45944 _d45944 |
||